| 000 -LEADER |
| fixed length control field |
00963nam a2200265Ia 4500 |
| 001 - CONTROL NUMBER |
| control field |
16612 |
| 003 - CONTROL NUMBER IDENTIFIER |
| control field |
GE_BSU |
| 005 - DATE AND TIME OF LATEST TRANSACTION |
| control field |
20200131144235.0 |
| 008 - FIXED-LENGTH DATA ELEMENTS--GENERAL INFORMATION |
| fixed length control field |
181216s||||||||xx |||||||||||||| ||und|| |
| 020 ## - INTERNATIONAL STANDARD BOOK NUMBER |
| International Standard Book Number |
ISBN 9781416402206 |
| 040 ## - CATALOGING SOURCE |
| Transcribing agency |
GE_BSU |
| 100 ## - MAIN ENTRY--PERSONAL NAME |
| Personal name |
Bender,Michael, Peter J. Valletutti, Carol Ann Baglin |
| 9 (RLIN) |
6639 |
| 245 #2 - TITLE STATEMENT |
| Title |
A Functional Assessment and Curriculum for Teaching Students With Disabilities |
| 245 ## - TITLE STATEMENT |
| Remainder of title |
Self-care, Motor Skills, Household Management, and Living Skills |
| 250 ## - EDITION STATEMENT |
| Edition statement |
4th Edition |
| 260 ## - PUBLICATION, DISTRIBUTION, ETC. |
| Place of publication, distribution, etc. |
Austin |
| 260 ## - PUBLICATION, DISTRIBUTION, ETC. |
| Name of publisher, distributor, etc. |
PRO-ED |
| 260 ## - PUBLICATION, DISTRIBUTION, ETC. |
| Date of publication, distribution, etc. |
2008 |
| 300 ## - PHYSICAL DESCRIPTION |
| Extent |
246 pages,27cm. |
| 653 ## - INDEX TERM--UNCONTROLLED |
| keyword |
A Functional Assessment and Curriculum for Teaching Students With Disabilities |
| 653 ## - INDEX TERM--UNCONTROLLED |
| keyword |
პედაგოგიკა |
| 653 ## - INDEX TERM--UNCONTROLLED |
| keyword |
შეზღუდული შესაძლებლობების მქონე ბავშვები - განათლება. |
| 942 ## - ADDED ENTRY ELEMENTS (KOHA) |
| Koha item type |
წიგნი |
| Source of classification or shelving scheme |
|